Lista dos futebolistas do século pela IFFHS - Statistics

Estatísticas Gerais
  • Esse quiz foi jogado 892 vezes
  • A pontuação média é 15 de 87
Estatísticas das Respostas
Jogador País % Correto
Pelé Brasil
100%
Diego Maradona Argentina
89%
Ferenc Puskás Hungria
71%
Garrincha Brasil
71%
Eusébio Portugal
67%
Franz Beckenbauer Alemanha Ocidental
60%
Gerd Müller Alemanha Ocidental
60%
Lev Yashin União Soviética
55%
Johan Cruijff Países Baixos
54%
Zico Brasil
54%
George Best Irlanda do Norte
48%
Michel Platini França
48%
Alfredo Di Stéfano Argentina
45%
Marco van Basten Países Baixos
41%
Bobby Charlton Inglaterra
37%
George Weah Libéria
37%
Ruud Gullit Países Baixos
35%
Bobby Moore Inglaterra
32%
Cha Bum-Kun Coreia do Sul
28%
Gordon Banks Inglaterra
26%
Didi Brasil
25%
Hugo Sánchez México
22%
Franco Baresi Itália
21%
Peter Schmeichel Dinamarca
19%
Dino Zoff Itália
18%
Tostão Brasil
18%
Roger Milla Camarões
17%
Chilavert Paraguai
14%
Just Fontaine França
14%
Michael Laudrup Dinamarca
14%
Gilmar Brasil
13%
Lothar Mathäus Alemanha Ocidental
13%
Giuseppe Meazza Itália
11%
Luis Cubilla Uruguai
11%
Josef Bican Tchecoslováquia
10%
Karl-Heinz Rummenigge Alemanha Ocidental
10%
Sepp Maier Alemanha
10%
Gento Espanha
8%
Ricardo Zamora Espanha
8%
Sándor Kocsis Hungria
8%
Teófilo Cubillas Peru
8%
Elías Figueroa Chile
7%
Raymond Kopa França
7%
Juan Alberto Schiaffino Uruguai
6%
Stanley Matthews Inglaterra
6%
Zizinho Brasil
6%
Denis Law Escócia
5%
Josef Masopust Tchecoslováquia
5%
Obdulio Varela Uruguai
5%
Sandro Mazzola Itália
5%
Ubaldo Fillol Argentina
5%
Uwe Seeler Alemanha
5%
Antonio Carbajal México
4%
Fritz Walter Alemanha
4%
Giacinto Facchetti Itália
4%
Gianni Rivera Itália
4%
José Leandro Andrade Uruguai
4%
Peter Shilton Inglaterra
4%
Rabah Madjer Argélia
4%
Walter Zenga Itália
4%
Alberto Spencer Equador
3%
Arsenio Erico Paraguai
3%
Arthur Friedenreich Brasil
3%
Héctor Scarone Uruguai
3%
Jean-Marie Pfaff Bélgica
3%
José Manuel Moreno Argentina
3%
Kevin Keegan Inglaterra
3%
Ladislao Kubala Espanha
3%
Matthias Sindelar Áustria
3%
Omar Sívori Argentina
3%
Rinat Dasaev União Soviética
3%
Silvio Piola Itália
3%
Thomas Ravelli Suécia
3%
Amadeo Carrizo Argentina
2%
Ernst Ocwirk Áustria
2%
Frantisek Plánicka Tchecoslováquia
2%
József Bozsik Hungria
2%
Ladislao Mazurkiewicz Uruguai
2%
Lakhdar Belloumi Argélia
2%
Majed Abdullah Arábia Saudita
2%
Pat Jennings Irlanda do Norte
2%
Paul Van Himst Bélgica
2%
Vladimir Beara Iugoslávia
2%
Gunnar Nordahi Suécia
1%
Gyula Grosics Hungria
1%
Adolfo Pedernero Argentina
0%
Oleg Blokhn União Soviética
0%
Nenhum quiz correspondente encontrado
Distribuição das Pontuações
Porcentagem de Pessoas com Cada Pontuação
Percentil de Números Respondidos
Sua Pontuação Histórica
Você não jogou esse quiz